|
|
|
|
| LEADER |
00000nam a22000007a 4500 |
| 005 |
20200421160058.0 |
| 007 |
cr|||| |||| |
| 008 |
200421s2019 pe |||||s|||| 00||0 spa d |
| 020 |
|
|
|a 978-84-9123-789-1
|
| 035 |
|
|
|a 31342
|
| 040 |
|
|
|a vLex
|
| 090 |
|
|
|c 10311
|d 10311
|
| 100 |
1 |
|
|a de Haro, Dionisio
|
| 245 |
1 |
0 |
|a Espaą en Per ︢(1796-1824)
|h [Recurso electrn̤ico] /
|c Dionisio de Haro, Vc̕tor Peralta Ruiz
|
| 256 |
|
|
|a Servicio en ln̕ea
|
| 260 |
|
|
|a Lima:
|b Marcial Pons,
|c 2019
|
| 300 |
|
|
|a 1 recurso electrn̤ico
|
| 506 |
1 |
|
|a Disponible solo en los productos indicados
|d vLex Global
|d vLex Global (Academic Edition, excluding Law Schools)
|d vLex Global (U.S. Academic Edition, Law Schools)
|d vLex Global (U.S. Academic Edition, excluding Law Schools)
|d vLex Global (Academic Edition, Law Schools)
|
| 650 |
0 |
4 |
|a Derecho Militar
|z Per︢
|
| 700 |
1 |
|
|a Peralta Ruiz, Vc̕tor
|
| 740 |
0 |
|
|a vLex Libros (Servicio en ln̕ea)
|
| 856 |
4 |
0 |
|u http://vlex.com/source/espa-a-peru-1796-1824-31342
|z Acceso restringido
|
| 942 |
|
|
|c BOOK
|
| 999 |
0 |
|
|a Military Law
|